000 00558nam a2200229Ia 4500
003 OSt
005 20221005132738.0
006 a|||||r|||| 00| 0
007 ta
008 221004b |||||||| |||| 00| 0 tam d
024 _a52593
037 _cTextual
040 _aCRL
_cCRL
_btam
041 _2tam
_atam
082 _aY31, 31L4
100 _aChokklingam Au.
_9641562
245 0 _aUrukku nallathu sloven
260 _c1974
650 _aSOCIOLOGY
942 _hY31, 31L4
_cTEXL
_2cc
999 _c1064659
_d1064659